01377cam a2200301Ia 4500001002300000003000700023005001700030007000700047008004100054040002800095020001500123020001800138035002000156092001700176245007000193260003600263300004400299500003700343650006200380650007400442730003200516856009600548856010100644942000700745506015000752506015400902999001901056lifealbumpicture00newyCaSfIA20210118164039.0cr||||990611s1997 nyua 001 0 eng d aVIAcVIAdOCLCQdCaSfIA a1883013119 a9781883013110 a(OCoLC)41523496 a909.829bLif00aLife album :h[electronic resource] bpictures of the year, 1996. aNew York :bLife Books,cc1997. a158 p. :bill. (chiefly col.) ;c29 cm. aCompiled by the editors of Life. 0aHistory, Moderny1945-1989vPictorial worksvPeriodicals. 0aPopular culturexHistoryy20th centuryvPictorial worksvPeriodicals.0 aLife (Chicago, Ill. : 1978)41uhttp://www.archive.org/details/lifealbumpicture00newyzFree eBook from the Internet Archive42uhttp://www.openlibrary.org/books/OL24212425MzAdditional information and access via Open Library cEB fНеобхідна авторизація на https://archive.org/ (створення облікового запису безкоштовно) fНеобхідна авторизація на https://openlibrary.org/ (створення облікового запису безкоштовно) c518558d518558